Теория металлургических процессов. Пирометаллургические процессы: [учебное пособие]; [пер. с рус.]

Bibliographic Details
Main Author: Вольский А. Н. Антон Николаевич
Other Authors: Сергиевская Е. М.
Summary:На английском языке
Language:English
Published: Москва, Мир, 1978
Subjects:
Format: Book
KOHA link:https://koha.lib.tpu.ru/cgi-bin/koha/opac-detail.pl?biblionumber=686121

MARC

LEADER 00000nam0a2200000 4500
001 686121
005 20260414161927.0
090 |a 686121 
100 |a 20260414d1978 m||y0rusy50 ca 
101 1 |a eng  |c rus 
102 |a RU 
105 |a a j 001yy 
181 0 |a i   |b  e  
182 0 |a n 
183 0 |a nc  |2 RDAcarrier 
200 1 |a Теория металлургических процессов. Пирометаллургические процессы  |d Theory of metallurgical processes. Pyrometallurgical processes  |e [учебное пособие]  |e [пер. с рус.]  |f А. Вольский, Е. Сергиевская  |z eng 
203 |a Текст  |b визуальный  |c непосредственный 
210 |a Москва  |c Мир  |d 1978 
215 |a 360 с.  |c ил. 
283 |a volume  |2 RDAcarrier 
300 |a На английском языке 
320 |a Указатель: с. 357-360 
606 |a Металлургические процессы  |9 86633 
610 1 |a пирометаллургические процессы 
610 1 |a цветные металлы 
610 1 |a рафинирование 
610 1 |a фракционная кристаллизация 
610 1 |a дистилляция 
610 1 |a английский язык 
610 1 |a учебные пособия 
675 |a 669.01  |v 4 
700 1 |a Вольский  |b А. Н.  |c специалист в области металлургии  |c академик АН СССР  |f 1897-1966  |g Антон Николаевич  |9 1819 
701 1 |a Сергиевская  |b Е. М. 
801 0 |a RU  |b 63413507  |c 20260414 
830 |a Ретро2026Каталогизация 
850 |a 63413507 
942 |c BK